000 00421 a2200133 4500
001 90540
082 _aPR 946
090 _c42874
_d42874
100 _aAftab Aslam Rana; SKN Zaidi & Khalid Parvez & Irfan ul haq, advisors
245 _aOff design performance of a single stage axial flow compressor
_nG-26
260 _aKarachi
_bNED University
_c1987
300 _axi, 104 p.
_bhand written
500 _aBE Project Reports
942 _aCAE NUST
_kPR 946
999 _c325613
_d325613